|
|
|
|
| LEADER |
00000nam0a2200000 4500 |
| 001 |
199123 |
| 005 |
20231031184143.0 |
| 035 |
|
|
|a (RuTPU)RU\TPU\book\217150
|
| 090 |
|
|
|a 199123
|
| 100 |
|
|
|a 20110726d1956 km y0rusy50 ca
|
| 101 |
0 |
|
|a rus
|
| 102 |
|
|
|a RU
|
| 105 |
|
|
|a a z 001zy
|
| 200 |
1 |
|
|a Монтаж и наладка гидравлических прессов
|f Л. Е. Казовский
|
| 210 |
|
|
|a Москва
|c Машгиз
|d 1956
|
| 215 |
|
|
|a 176 с.
|c ил.
|
| 320 |
|
|
|a Библиогр.: с. 175.
|
| 610 |
1 |
|
|a гидравлические прессы
|
| 610 |
1 |
|
|a монтаж
|
| 610 |
1 |
|
|a наладка
|
| 610 |
1 |
|
|a конструкции
|
| 610 |
1 |
|
|a вспомогательное оборудование
|
| 610 |
1 |
|
|a трубопроводы
|
| 610 |
1 |
|
|a насосно-аккумуляторные станции
|
| 675 |
|
|
|a 621.9
|v 3
|
| 700 |
|
1 |
|a Казовский
|b Л. Е.
|g Лев Евсеевич
|
| 801 |
|
1 |
|a RU
|b 63413507
|c 20110726
|
| 801 |
|
2 |
|a RU
|b 63413507
|c 20111125
|g RCR
|
| 942 |
|
|
|c BK
|